Tratados y convenciones internacionales vigentes para Guatemala. vol. 1: Pactos multilaterales universales suscritos durante los años de 1884 a 1949 /

Furkejuvvon:
Bibliográfalaš dieđut
Váldodahkki: Mendoza, José Luis
Searvvušdahkki: Guatemala. Ministerio de Relaciones Exteriores
Eará dahkkit: comp
Materiálatiipa: Texto
Almmustuhtton: Guatemala: Ministerio de Relaciones Exteriores
Fáddágilkorat: Lasit fáddágilkoriid
Eai fáddágilkorat, Lasit vuosttaš fáddágilkora!

MARC

LEADER 00000 a a2200000 04500
001 23720
003
040
090 |a 167100  
100 |a Mendoza, José Luis  
110 |a Guatemala. Ministerio de Relaciones Exteriores  
245 |a Tratados y convenciones internacionales vigentes para Guatemala. vol. 1: Pactos multilaterales universales suscritos durante los años de 1884 a 1949 /  |c José Luis Mendoza 
260 |a Guatemala:   |b Ministerio de Relaciones Exteriores  
300 |a 509 p.; vol. 1, t. 1  
700 |a comp.  
999 |c 6390  |d 6390